000 00579nam a2200229Ia 4500
005 20250425162139.0
008 250425s9999 xx 000 0 und d
020 _a8475099599
041 _aspa
082 _a658.4
100 _aDE BONO, EDWARD
245 0 _aMAS ALLA DE LA COMPETENCIA: LA CREACION DE NUEVOS VALORES Y OBJETIVOS EN LA EMPRESA
250 _a1A ED.
260 _aBARCELONA
260 _aEspaƱa
_bPAIDOS
_c1992
300 _a249
650 _aCOMPETENCIA
650 _aEFICIENCIA
650 _aREDUCCION DE COSTOS
942 _c01
010 _a52946
999 _c223282
_d223282